Mạch điện cổng

Сохранить в:
Библиографические подробности
Главный автор: Nguyễn, Minh Đức
Формат:
Язык:Undetermined
Опубликовано: Tp. Hồ Chí Minh Tổng hợp Tp. Hồ Chí Minh 2004
Предметы:
Метки: Добавить метку
Нет меток, Требуется 1-ая метка записи!
Thư viện lưu trữ: Trung tâm Học liệu Trường Đại học Cần Thơ
LEADER 00557nam a2200193Ia 4500
001 CTU_87395
008 210402s9999 xx 000 0 und d
020 |c 27000 
082 |a 621.3815 
082 |b Đ552 
100 |a Nguyễn, Minh Đức 
245 0 |a Mạch điện cổng 
245 0 |c Nguyễn Minh Đức 
260 |a Tp. Hồ Chí Minh 
260 |b Tổng hợp Tp. Hồ Chí Minh 
260 |c 2004 
650 |a Electronic circuits 
904 |i Năm(Tuyen) 
980 |a Trung tâm Học liệu Trường Đại học Cần Thơ